Statistics for Cars by Pictures A

Click here to take the quiz!

General Stats

  • This quiz has been taken 193 times
  • The average score is 5 of 12

Answer Stats

Answer% Correct
Audi R8
96%
Aston Martin Vanquish
86%
AC Cobra
65%
Alfa Romeo Giulia
65%
Austin 10
41%
AMC Pacer
40%
Austin-Healey 3000
25%
Auto Union Type D
24%
Abarth Simca 2000
20%
Auburn Speedster
10%
Alvis 3 Litre IV
9%
Autobianchi Bianchina
8%

Score Distribution

Percentile by Number Answered

Percent of People with Each Score

Your Score History

You have not taken this quiz